000 01544cam a2200421 a 4500
001 000002845
005 20241009115416.0
008 951002s1995 ve 001 0 spa
020 _a980010769X
040 _aDO-SdBNP
_cDLC
082 _a801.953
_bG166czC
245 0 0 _aCanaima ante la crítica /
_cGustavo Luis Carrera ...[et al.] ; selección y prólogo Lyll Barceló Sifontes-Abreu.
260 _aCaracas :
_bMonte Avila Editores Latinoamericana,
_c1995.
300 _a260 p. ;
_c20 cm.
440 0 _aAnte la crítica
_99003
504 _aIncluye referencias bibliográficas y notas al pie de las páginas
650 4 _aCrítica literaria
_93141
650 4 _aNovela
_xHistoria y crítica
_99004
650 0 _aLiteratura
_93439
600 1 0 _aGALLEGOS, RÓMULO,
_d1884-1969.
_xCRÍTICA E INTERPRETRACIÓN
_tCANAIMA
_99005
700 1 _aCarrera, Gustavo Luis
_99006
700 1 _aLundkvist, Artur
_99007
700 1 _aDamboriena S. J, Angel
_99008
700 1 _aRoss, Waldo
_99009
700 1 _aAraujo, Orlando
_99010
700 1 _aMiliani, Domingo
_95169
700 1 _aGregorio, Juan
_99011
700 1 _aSánchez, Rodríguez
_99012
700 1 _aSanoja Hernández, Je sús
_99013
700 1 _aOctavio Bedoya, Luis
_99014
700 1 _aMujica, Héctor
_99015
700 1 _aRodríguez, Manuel Alfredo
_99016
700 1 _aRojas Guardia, Armando
_99017
700 1 _aLiscano, Juan
_99018
700 1 _aSubero, Efraín
_99019
700 1 _aBarceló Sifontes-Abreu, Lyll ;
_epról.
_99020
910 _aCatalogación por copia / LC
999 _c2679
_d2679